Państwa mniejsze od Polski - nagła śmierć - Statystyki

Ogólne statystyki
  • Ten quiz został rozwiązany 233 razy
  • Średni wynik to 9 z 15
Answers on the Grid
Answers color-coded by a green-red scale on the quiz's grid according to % correct below.
Luksemburg
Nigeria
Kolumbia
Bośnia i Hercegowina
Kostaryka
Ekwador
Egipt
Argentyna
Kuba
Bułgaria
Zambia
Wietnam
Komory
Brazylia
Laos
Litwa
Kongo
Haiti
Burundi
Mozambik
Senegal
Portugalia
Hiszpania
Republika Południowej Afryki
Irlandia
Urugwaj
Paragwaj
Finlandia
Uzbekistan
Japonia
 
Statystyki odpowiedzi
Odpowiedź % Poprawnych
Luksemburg
96%
Bośnia i Hercegowina
84%
Litwa
79%
Kuba
75%
Kostaryka
70%
Haiti
65%
Komory
65%
Irlandia
62%
Portugalia
62%
Bułgaria
58%
Burundi
51%
Urugwaj
46%
Ekwador
45%
Laos
35%
Senegal
33%
Nie znaleziono quizów pasujących do podanych kryteriów
Rozkład punktacji
Procent ludzi z każdym wynikiem
Percentyl według liczby udzielonych odpowiedzi
Twoja historia wyników
Nie rozwiązałeś tego quizu